000 01222nam a2200265Ia 4500
003 OSt
005 20221005105757.0
006 a|||||r|||| 00| 0
007 ta
008 221004b |||||||| |||| 00| 0 hin d
020 _a8173091609 (hbk)
_c40
024 _a13581
037 _b1136, 20/03/2014, Anamika Publishers & Distributors Pvt. Ltd.
_cTextual
040 _aCRL
_cCRL
_bhin
041 _2hin
_ahin
082 _aV2y7M69, 152Q0
100 _aदेसाई, महादेव, संपा.
245 0 _aसंक्षिप्त आत्म - कथा
_b गांधी की आत्म - कथा का युवकोपयोगी संस्करण
246 _aSankṣhipta ātma - kathā: gāandhī kī ātma - kathā kā yuvakopayogī sanskaraṇa
260 _aनई दिल्ली
_bसस्ता साहित्य मण्डल प्रकाशन भारत
_c2010
300 _a192पृ0
_ccm.
650 _aहिन्दी साहित्य
942 _hV2y7M69, 152Q0
_cTEXL
_2cc
999 _c1016875
_d1016875